Представление документа в формате RUSMARC

ПолеНазваниеЗначение
  Тип записи a
  Библиографический уровень m
001 Контрольный номер 95f342bd6d2f463885b0321ce3650e3e
005 Дата корректировки 20140603094504.5
010 Индекс ISBN __
a ISBN 978-5-94280-443-5
200 Заглавие и сведения об ответственности 1_
a Заглавие Теория и практика рекламной деятельности
f Первые сведения об ответственности М. Ю. Рогожин
205 Сведения об издании __
a Основные сведения об издании 3-е изд., испр. и доп.
210 Выходные данные 1_
c Издательство Альфа-Пресс
a Место издания М.
d Дата издания 2010
215 Физическое описание __
a Объем 206, [2] с.
610 Ключевые слова 0_
a Ключевые слова рекламная деятельность
610 Ключевые слова 0_
a Ключевые слова история рекламы
610 Ключевые слова 0_
a Ключевые слова печатная реклама
610 Ключевые слова 0_
a Ключевые слова реклама
610 Ключевые слова 0_
a Ключевые слова электронная реклама
610 Ключевые слова 0_
a Ключевые слова паблик рилейшнз
686 Индексы других классификаций __
a Классификационный индекс 65.9(2)421-803.8
2 Код системы rubbk
686 Индексы других классификаций __
a Классификационный индекс 76.0
2 Код системы rubbk
700 Автор _1
a Фамилия Рогожин
b Имя М. Ю.
g Полное личное имя Михаил Юрьевич
801 Источник записи _0
a Страна RU
b Организация РУК
c Дата составления 20111209
g Правила каталогизации PSBO
801 Источник записи _1
a Страна RU
b Организация РУК
c Дата составления 20111209
g Правила каталогизации PSBO
852 Данные о местонахождении __
i Авторский знак Р 59
j Шифр хранения ББК 65.9(2)421
901 Тип документа __
t Тип документа m
938 Служебная информация __
a Название организации Головной вуз
b Имя БД BOOK
c Название АИБС АИБС ИРБИС